000 00296nam a2200133Ia 4500
005 20260328101445.0
008 260328s9999||||xx |||||||||||||| ||und||
100 _aMarías, Fernando
245 0 _aBosch /
_cFernando Marías
260 _bSilex
300 _a48 p.
650 _aARTE
942 _cBK
999 _c8424
_d8424